Optical fiber sensors : 1988 technical digest series, volume 2 : summaries of papers presented at the Optical Fiber Sensors Topical Meeting, January 27-29, 1988, New Orleans, Louisiana. (Record no. 67837)

000 -LEADER
fixed length control field 00724nam a22001937a 4500
003 - CONTROL NUMBER IDENTIFIER
control field NUST - PNEC
005 - DATE AND TIME OF LATEST TRANSACTION
control field 20170116181034.0
008 - FIXED-LENGTH DATA ELEMENTS--GENERAL INFORMATION
fixed length control field 150919b xxu||||| |||| 00| 0 eng d
020 ## - INTERNATIONAL STANDARD BOOK NUMBER
International Standard Book Number 1557520216
020 ## - INTERNATIONAL STANDARD BOOK NUMBER
International Standard Book Number 1557520364
020 ## - INTERNATIONAL STANDARD BOOK NUMBER
International Standard Book Number 1557520224
040 ## - CATALOGING SOURCE
Transcribing agency LIBRARY
082 ## - DEWEY DECIMAL CLASSIFICATION NUMBER
Classification number 621.380414 O.S.A
100 ## - MAIN ENTRY--PERSONAL NAME
9 (RLIN) 11244
Personal name International Conference on Optical Fiber Sensors
245 ## - TITLE STATEMENT
Title Optical fiber sensors : 1988 technical digest series, volume 2 : summaries of papers presented at the Optical Fiber Sensors Topical Meeting, January 27-29, 1988, New Orleans, Louisiana.
Statement of responsibility, etc. International Conference on Optical Fiber Sensors
260 ## - PUBLICATION, DISTRIBUTION, ETC.
Date of publication, distribution, etc. c.1988
650 ## - SUBJECT ADDED ENTRY--TOPICAL TERM
9 (RLIN) 11247
Topical term or geographic name entry element Optical communications
General subdivision MS COM
942 ## - ADDED ENTRY ELEMENTS (KOHA)
Source of classification or shelving scheme
Koha item type Book
Holdings
Withdrawn status Lost status Source of classification or shelving scheme Damaged status Not for loan Permanent Location Current Location Shelving location Date acquired Total Checkouts Full call number Barcode Date last seen Price effective from Koha item type
          Pakistan Navy Engineering College (PNEC) Pakistan Navy Engineering College (PNEC)       621.380414 O.S.A PNECLIB-019212 09/19/2015   Book
© 2023 Central Library, National University of Sciences and Technology. All Rights Reserved.